Non-traditional houses (Record no. 103879)

MARC details
000 -LEADER
fixed length control field 01427cam a2200349 4500
008 - FIXED-LENGTH DATA ELEMENTS--GENERAL INFORMATION
fixed length control field 041208n2004 000 0 eng u
020 ## - INTERNATIONAL STANDARD BOOK NUMBER
International Standard Book Number 1860816975
035 ## - SYSTEM CONTROL NUMBER
System control number (Sirsi) u128244
041 ## - LANGUAGE CODE
Language code of text/sound track or separate title eng
050 ## - LIBRARY OF CONGRESS CALL NUMBER
Classification number 693.97
-- 18
100 ## - MAIN ENTRY--PERSONAL NAME
Personal name Harrison, Harry
245 ## - TITLE STATEMENT
Title Non-traditional houses
Remainder of title identifying non-traditional houses in the UK 1918-75
260 ## - PUBLICATION, DISTRIBUTION, ETC.
Place of publication, distribution, etc. Garston
Name of publisher, distributor, etc. BRE
Date of publication, distribution, etc. 2004
300 ## - PHYSICAL DESCRIPTION
Extent xli, 948p.
Other physical details ill.
Dimensions 24cm.
350 ## - PRICE (NR) (BK AM CF MU VM SE) [OBSOLETE]
Price 270
490 ## - SERIES STATEMENT
Series statement BRE
Volume/sequential designation 469
520 ## - SUMMARY, ETC.
Summary, etc. This comprehensive and fully illustrated text on non-traditional houses identifies 450 house types classified by the following forms of construction: metal framed houses; precast concrete houses; in-situ concrete houses; and timber framed houses. Also provides extensive background information, details of designated defective houses, and an index of all house names and alternative names. Further reading.
650 ## - SUBJECT ADDED ENTRY--TOPICAL TERM
Topical term or geographic name entry element NON TRADITIONAL HOUSING
650 ## - SUBJECT ADDED ENTRY--TOPICAL TERM
Topical term or geographic name entry element TIMBER-FRAMED HOUSES
650 ## - SUBJECT ADDED ENTRY--TOPICAL TERM
Topical term or geographic name entry element IN-SITU CONCRETE
650 ## - SUBJECT ADDED ENTRY--TOPICAL TERM
Topical term or geographic name entry element PRECAST CONCRETE
650 ## - SUBJECT ADDED ENTRY--TOPICAL TERM
Topical term or geographic name entry element HOUSING TYPES
650 ## - SUBJECT ADDED ENTRY--TOPICAL TERM
Topical term or geographic name entry element METAL FRAMED HOUSES
690 ## - LOCAL SUBJECT ADDED ENTRY--TOPICAL TERM (OCLC, RLIN)
Topical term or geographic name as entry element BUILT ENVIRONMENT-CONSTRUCTION DESIGN
700 ## - ADDED ENTRY--PERSONAL NAME
Personal name Mullin, Stephen
700 ## - ADDED ENTRY--PERSONAL NAME
Personal name Reeves, Barry
700 ## - ADDED ENTRY--PERSONAL NAME
Personal name Stevens, Alan
710 ## - ADDED ENTRY--CORPORATE NAME
Corporate name or jurisdiction name as entry element Building Research Establishment
710 ## - ADDED ENTRY--CORPORATE NAME
Corporate name or jurisdiction name as entry element United Kingdom
Subordinate unit Office of the Deputy Prime Minister
710 ## - ADDED ENTRY--CORPORATE NAME
Corporate name or jurisdiction name as entry element Building Research Housing Group
9 (RLIN) 4665
942 ## - ADDED ENTRY ELEMENTS (KOHA)
Suppress in OPAC 0
Holdings
Withdrawn status Lost status Source of classification or shelving scheme Damaged status Not for loan Home library Current library Shelving location Date acquired Cost, normal purchase price Total Checkouts Full call number Barcode Date last seen Date last checked out Copy number Cost, replacement price Price effective from Koha item type
    Dewey Decimal Classification     London London Books 20/09/2005 270.00 22 693.97 HAR 30071364 06/08/2019 08/08/2008 3 270.00 06/08/2019 Book
    Dewey Decimal Classification     London London Books 06/04/2006 270.00 18 693.97 HAR 30072881 06/08/2019 12/11/2009 4 270.00 06/08/2019 Book